[Event "FICGS class E 000245 email"]
[Site "FICGS email"]
[Date "2023.05.20"]
[Round "1"]
[White "Forme, Vocihc"]
[Black "Strohmeier, Josef"]
[Result "1-0"]
[WhiteElo "1500"]
[BlackElo "1348"]
[PlyCount "39"]
[EventDate "2023.??.??"]
[EventType "tourn (corr)"]
[EventRounds "5"]
[SourceTitle "Corr 2024"]
[Source "ChessBase"]
[SourceDate "2023.10.19"]
[SourceVersion "1"]
[SourceVersionDate "2023.10.19"]
[SourceQuality "1"]

1. e4 c5 2. Nf3 Nc6 3. Bb5 g6 4. Bxc6 bxc6 5. 0-0 Bg7 6. Re1 d6 7. e5 d5 8. h3 Qc7 9. Nc3 e6 10. Na4 Qa5 11. b3 c4 12. d4 Ba6 13. Bd2 Qc7 14. Nc5 Qb6 15. bxc4 Bxc4 16. Rb1 Qd8 17. Nb7 Qc7 18. Nd6+ Kf8 19. Rb7 Qd8 20. Rxf7# 1-0

[Event "FICGS rapid D 000148 email"]
[Site "FICGS email"]
[Date "2023.04.16"]
[Round "1"]
[White "Strohmeier, Josef"]
[Black "Paul, Samagata"]
[Result "1-0"]
[WhiteElo "1348"]
[BlackElo "1585"]
[PlyCount "61"]
[EventDate "2023.??.??"]
[EventType "tourn (rapid)"]
[EventRounds "5"]
[SourceTitle "Corr 2024"]
[Source "ChessBase"]
[SourceDate "2023.10.19"]
[SourceVersion "1"]
[SourceVersionDate "2023.10.19"]
[SourceQuality "1"]

1. e4 e5 2. Nf3 d6 3. d4 Bg4 4. dxe5 Bxf3 5. Qxf3 dxe5 6. Bc4 Nf6 7. Qb3 Be7 8. Bxf7+ Kf8 9. Nc3 b6 10. Bg5 Nbd7 11. Be3 Nc5 12. Bxc5 Bxc5 13. Be6 a5 14. 0-0 c6 15. Rad1 Qe7 16. Bh3 b5 17. a4 b4 18. Ne2 g5 19. Ng3 g4 20. Bxg4 Nxg4 21. Qf3+ Nf6 22. Nh5 Kf7 23. Ng3 Rhf8 24. Qf5 Kg7 25. Qg5+ Kh8 26. Nf5 Qf7 27. Qh4 Qg6 28. Kh1 Rae8 29. Rd3 Qg4 30. Qh6 Qh5 31. Qg7# 1-0

[Event "FICGS rapid E 000230 email"]
[Site "FICGS email"]
[Date "2019.09.12"]
[Round "1"]
[White "Goldmund, Heike"]
[Black "Strohmeier, Josef"]
[Result "1-0"]
[WhiteElo "1247"]
[BlackElo "1411"]
[PlyCount "41"]
[EventDate "2019.??.??"]
[EventType "tourn (rapid)"]
[EventRounds "6"]
[SourceTitle "Corr 2022"]
[Source "ChessBase"]
[SourceDate "2021.10.24"]
[SourceVersion "1"]
[SourceVersionDate "2021.10.24"]
[SourceQuality "1"]

1. d4 d5 2. Nf3 Nf6 3. e3 e6 4. c4 Be7 5. Bd3 0-0 6. 0-0 dxc4 7. Bxc4 b6 8. b3 Bb7 9. Nbd2 c5 10. Qc2 Nc6 11. Bb2 Rc8 12. dxc5 Bxc5 13. Rfd1 Qc7 14. Qc3 Rfd8 15. Ne4 Be7 16. Neg5 h6 17. Nh3 Na5 18. Rxd8+ Bxd8 19. Ne5 Nxc4 20. Nxc4 Qc6 21. Rd1 1-0

[Event "FICGS class E 000221 email"]
[Site "FICGS email"]
[Date "2019.04.06"]
[Round "1"]
[White "Sharma, Vivek"]
[Black "Strohmeier, Josef"]
[Result "0-1"]
[WhiteElo "1471"]
[BlackElo "1308"]
[PlyCount "20"]
[EventDate "2019.??.??"]
[EventType "tourn (corr)"]
[EventRounds "5"]
[SourceTitle "Corr 2022"]
[Source "ChessBase"]
[SourceDate "2021.10.24"]
[SourceVersion "1"]
[SourceVersionDate "2021.10.24"]
[SourceQuality "1"]

1. e4 c5 2. d4 cxd4 3. Qxd4 Nc6 4. Qa4 Nf6 5. f3 g6 6. b3 Bg7 7. Bc4 0-0 8. Bb2 d6 9. Ne2 Bd7 10. Nd2 Nd4 0-1

[Event "FICGS class E 000221 email"]
[Site "FICGS email"]
[Date "2019.04.06"]
[Round "1"]
[White "Wood, Brian"]
[Black "Strohmeier, Josef"]
[Result "1-0"]
[WhiteElo "1284"]
[BlackElo "1308"]
[PlyCount "63"]
[EventDate "2019.??.??"]
[EventType "tourn (corr)"]
[EventRounds "5"]
[SourceTitle "Corr 2022"]
[Source "ChessBase"]
[SourceDate "2021.10.24"]
[SourceVersion "1"]
[SourceVersionDate "2021.10.24"]
[SourceQuality "1"]

1. d4 d5 2. c4 e6 3. Nc3 Nf6 4. Bg5 Be7 5. e3 c6 6. Nf3 0-0 7. Bd3 h6 8. Bxf6 Bxf6 9. 0-0 dxc4 10. Bxc4 Nd7 11. e4 Nb6 12. Be2 Bd7 13. e5 Be7 14. Rc1 a6 15. h3 Rc8 16. a3 Nd5 17. Nxd5 exd5 18. b4 a5 19. bxa5 Qxa5 20. a4 Qxa4 21. Qxa4 Ra8 22. Qb3 Rfb8 23. Ra1 b5 24. Rxa8 Rxa8 25. Rb1 Ra3 26. Qxa3 Bxa3 27. Ne1 Kf8 28. Bg4 Ke7 29. Nd3 f6 30. exf6+ gxf6 31. Bxd7 Kxd7 32. g4 1-0

[Event "FICGS rapid E 000224 email"]
[Site "FICGS email"]
[Date "2019.02.18"]
[Round "1"]
[White "Barradas, Anderson"]
[Black "Strohmeier, Josef"]
[Result "0-1"]
[WhiteElo "1338"]
[BlackElo "1210"]
[PlyCount "22"]
[EventDate "2019.??.??"]
[EventType "tourn (rapid)"]
[EventRounds "6"]
[SourceTitle "Corr 2022"]
[Source "ChessBase"]
[SourceDate "2021.10.24"]
[SourceVersion "1"]
[SourceVersionDate "2021.10.24"]
[SourceQuality "1"]

1. e4 c5 2. Nf3 Nc6 3. d4 cxd4 4. Nxd4 Nf6 5. Nc3 e6 6. Bg5 Be7 7. Nxc6 bxc6 8. Bd3 0-0 9. 0-0 Qc7 10. Re1 d6 11. Ne2 h6 0-1

[Event "FICGS rapid E 000223 email"]
[Site "FICGS email"]
[Date "2019.01.14"]
[Round "1"]
[White "Kehayov, Yulian"]
[Black "Strohmeier, Josef"]
[Result "0-1"]
[WhiteElo "1271"]
[BlackElo "1210"]
[PlyCount "60"]
[EventDate "2019.??.??"]
[EventType "tourn (rapid)"]
[EventRounds "6"]
[SourceTitle "Corr 2022"]
[Source "ChessBase"]
[SourceDate "2021.10.24"]
[SourceVersion "1"]
[SourceVersionDate "2021.10.24"]
[SourceQuality "1"]

1. b4 d5 2. Bb2 Nf6 3. e4 Nxe4 4. Nc3 Nxc3 5. Bxc3 a6 6. Nf3 Bg4 7. Be2 Nc6 8. 0-0 e6 9. h3 Bxf3 10. Bxf3 Nxb4 11. a3 Nc6 12. Bb2 e5 13. Re1 f6 14. d4 e4 15. Be2 Bd6 16. c4 Ne7 17. cxd5 Nxd5 18. f3 Bg3 19. Rf1 Ne3 20. Qc1 Nxf1 21. Bxf1 exf3 22. gxf3 0-0 23. Kg2 Bh4 24. Qf4 Bg5 25. Qe4 c6 26. Bc4+ Kh8 27. Bc1 Bxc1 28. Rxc1 Re8 29. Qd3 Qd6 30. d5 Rad8 0-1

[Event "FICGS rapid E 000223 email"]
[Site "FICGS email"]
[Date "2019.01.14"]
[Round "1"]
[White "Strohmeier, Josef"]
[Black "Benone, Mateia"]
[Result "0-1"]
[WhiteElo "1210"]
[BlackElo "1139"]
[PlyCount "76"]
[EventDate "2019.??.??"]
[EventType "tourn (rapid)"]
[EventRounds "6"]
[SourceTitle "Corr 2022"]
[Source "ChessBase"]
[SourceDate "2021.10.24"]
[SourceVersion "1"]
[SourceVersionDate "2021.10.24"]
[SourceQuality "1"]

1. e4 e5 2. Nf3 Nf6 3. d4 exd4 4. Qxd4 Nc6 5. Qc4 d5 6. exd5 Nxd5 7. Be2 Be6 8. Qe4 Nf6 9. Qa4 a6 10. 0-0 Bd6 11. Bg5 h6 12. Bh4 g5 13. Bg3 b5 14. Bxb5 axb5 15. Qxb5 Qd7 16. Nc3 Rb8 17. Qd3 Bxg3 18. hxg3 Qxd3 19. cxd3 Rxb2 20. a4 g4 21. Ne1 0-0 22. f4 Bf5 23. Rf2 Rxf2 24. Kxf2 Nb4 25. a5 Ra8 26. Ke3 Re8+ 27. Kd2 Nxd3 28. Nxd3 Rd8 29. Nb5 Rxd3+ 30. Ke2 c6 31. Nc7 Rxg3 32. Kf2 Rb3 33. a6 Be4 34. a7 g3+ 35. Kf1 c5 36. a8Q+ Bxa8 37. Nxa8 c4 38. Ke2 Nd5 0-1

[Event "FICGS rapid E 000223 email"]
[Site "FICGS email"]
[Date "2019.01.14"]
[Round "1"]
[White "Strohmeier, Josef"]
[Black "Hadden, John"]
[Result "1-0"]
[WhiteElo "1210"]
[BlackElo "1285"]
[PlyCount "63"]
[EventDate "2019.??.??"]
[EventType "tourn (rapid)"]
[EventRounds "6"]
[SourceTitle "Corr 2022"]
[Source "ChessBase"]
[SourceDate "2021.10.24"]
[SourceVersion "1"]
[SourceVersionDate "2021.10.24"]
[SourceQuality "1"]

1. e4 e5 2. Nf3 Nc6 3. Bb5 a6 4. Ba4 b5 5. Bb3 h6 6. c3 d6 7. h3 Be6 8. 0-0 Nf6 9. Re1 Bxb3 10. Qxb3 Be7 11. d4 exd4 12. cxd4 0-0 13. a3 Rc8 14. Nc3 Na5 15. Qc2 c5 16. Bf4 cxd4 17. Nxd4 Nc4 18. Qe2 Qd7 19. Red1 Rfd8 20. Nf5 Re8 21. Rd3 Rc5 22. Rad1 Bd8 23. Nxd6 Nxd6 24. Rxd6 Qb7 25. Rxd8 Rxd8 26. Rxd8+ Kh7 27. e5 Nd7 28. Qd3+ g6 29. Ne4 Nxe5 30. Qd4 Rc4 31. Qxe5 Rxe4 32. Qh8# 1-0

[Event "FICGS class E 000218 email"]
[Site "FICGS email"]
[Date "2019.01.12"]
[Round "1"]
[White "Wood, Brian"]
[Black "Strohmeier, Josef"]
[Result "1/2-1/2"]
[WhiteElo "1332"]
[BlackElo "1210"]
[PlyCount "57"]
[EventDate "2019.??.??"]
[EventType "tourn (corr)"]
[EventRounds "5"]
[SourceTitle "Corr 2022"]
[Source "ChessBase"]
[SourceDate "2021.10.24"]
[SourceVersion "1"]
[SourceVersionDate "2021.10.24"]
[SourceQuality "1"]

1. e4 c5 2. c3 d5 3. exd5 Qxd5 4. d4 Nf6 5. Bb5+ Nc6 6. Nf3 Bg4 7. 0-0 Bxf3 8. Qxf3 Qxf3 9. gxf3 e6 10. Bg5 Nd5 11. Bxc6+ bxc6 12. Nd2 Bd6 13. Ne4 Bf4 14. Bxf4 Nxf4 15. Nd6+ Ke7 16. dxc5 Rab8 17. b3 h5 18. Rad1 Rh6 19. Ne4 Rg6+ 20. Kh1 h4 21. Rg1 Rh8 22. Rxg6 Nxg6 23. Nd6 h3 24. Rd4 Ne5 25. Ra4 Ra8 26. f4 Nd3 27. Kg1 Nxc5 28. Rd4 Rd8 29. Nc4 1/2-1/2

[Event "FICGS class F 000211 email"]
[Site "FICGS email"]
[Date "2019.01.02"]
[Round "1"]
[White "Benone, Mateia"]
[Black "Strohmeier, Josef"]
[Result "1-0"]
[WhiteElo "1139"]
[BlackElo "1210"]
[PlyCount "67"]
[EventDate "2019.??.??"]
[EventType "tourn (corr)"]
[EventRounds "5"]
[SourceTitle "Corr 2022"]
[Source "ChessBase"]
[SourceDate "2021.10.24"]
[SourceVersion "1"]
[SourceVersionDate "2021.10.24"]
[SourceQuality "1"]

1. Nf3 Nf6 2. c4 g6 3. d4 Bg7 4. Nc3 0-0 5. e4 d6 6. Be2 e5 7. 0-0 Nc6 8. d5 Ne7 9. b4 Ne8 10. Qb3 f5 11. Bd3 Nf6 12. Re1 f4 13. c5 Bd7 14. c6 Bc8 15. cxb7 Bxb7 16. Ng5 Bc8 17. Bd2 h6 18. Ne6 Bxe6 19. dxe6 Qc8 20. Rac1 Kh8 21. b5 Rb8 22. Nd5 Qxe6 23. Nxf6 Qxf6 24. Rxc7 f3 25. g3 a6 26. b6 Rfc8 27. Rxc8+ Nxc8 28. b7 Ne7 29. Bxa6 g5 30. Ba5 Nc6 31. Bc7 g4 32. Bxb8 Nxb8 33. Bf1 Qe7 34. Rc1 1-0

[Event "FICGS class F 000211 email"]
[Site "FICGS email"]
[Date "2019.01.02"]
[Round "1"]
[White "Strohmeier, Josef"]
[Black "Marcel, Alexis"]
[Result "1-0"]
[WhiteElo "1210"]
[BlackElo "1140"]
[PlyCount "75"]
[EventDate "2019.??.??"]
[EventType "tourn (corr)"]
[EventRounds "5"]
[SourceTitle "Corr 2022"]
[Source "ChessBase"]
[SourceDate "2021.10.24"]
[SourceVersion "1"]
[SourceVersionDate "2021.10.24"]
[SourceQuality "1"]

1. e4 g6 2. d4 Bg7 3. Nf3 c5 4. c3 cxd4 5. cxd4 Qa5+ 6. Nc3 Nf6 7. Bd3 0-0 8. 0-0 e6 9. h3 Nc6 10. Be3 Qb4 11. Rb1 a6 12. a3 Qe7 13. Qd2 b5 14. b4 Bb7 15. Rbc1 Rfc8 16. Rfe1 Qd8 17. Bg5 Qe8 18. Bh6 Rd8 19. Bxg7 Kxg7 20. Na2 d5 21. e5 Nd7 22. Nc3 Rdc8 23. Nb1 h6 24. Qe3 Ne7 25. Nh2 Nb6 26. Nd2 Nc4 27. Bxc4 bxc4 28. Ng4 Ng8 29. Rc3 Bc6 30. Qf4 g5 31. Qf3 a5 32. bxa5 Rxa5 33. Nf1 Qe7 34. Ng3 Kg6 35. Rb1 Rca8 36. Nh2 f5 37. Qh5+ Kg7 38. Rf3 1-0

[Event "FICGS class F 000210 email"]
[Site "FICGS email"]
[Date "2018.12.11"]
[Round "1"]
[White "Martinez Camacho, Victor Hugo"]
[Black "Strohmeier, Josef"]
[Result "0-1"]
[WhiteElo "1028"]
[BlackElo "1177"]
[PlyCount "100"]
[EventDate "2018.??.??"]
[EventType "tourn (corr)"]
[EventRounds "5"]
[SourceTitle "Corr 2022"]
[Source "ChessBase"]
[SourceDate "2021.10.24"]
[SourceVersion "1"]
[SourceVersionDate "2021.10.24"]
[SourceQuality "1"]

1. e4 c5 2. Nc3 Nc6 3. g3 g6 4. Bg2 Bg7 5. Nge2 d6 6. 0-0 Nf6 7. d3 0-0 8. Be3 Bd7 9. Qd2 a6 10. Bh6 Rb8 11. Bxg7 Kxg7 12. Nd5 Nxd5 13. exd5 Na7 14. c4 b5 15. b3 Nc8 16. Rfe1 b4 17. d4 Bf5 18. dxc5 dxc5 19. Nf4 Nd6 20. Qb2+ Kg8 21. Re2 Re8 22. Rae1 a5 23. h3 Bd7 24. h4 a4 25. Nd3 Rc8 26. Ne5 Nf5 27. Qc1 Kg7 28. Qa1 Kg8 29. Nxd7 Qxd7 30. Kh2 Qd6 31. Re5 axb3 32. axb3 Ra8 33. Qb2 Nd4 34. R5e3 Ra3 35. Ra1 Rea8 36. Rxa3 Rxa3 37. Be4 f5 38. Bg2 f4 39. Rf3 Nxf3+ 40. Bxf3 fxg3+ 41. fxg3 Ra8 42. Bg4 Qf6 43. Be6+ Kg7 44. Qd2 Ra3 45. Qc2 Qc3 46. Qf2 Qf6 47. Qc2 Qa1 48. Kh3 Ra2 49. Qe4 Qf1+ 50. Kg4 h5+ 0-1

[Event "FICGS class F 000210 email"]
[Site "FICGS email"]
[Date "2018.12.11"]
[Round "1"]
[White "Strohmeier, Josef"]
[Black "Goldmund, Heike"]
[Result "1-0"]
[WhiteElo "1177"]
[BlackElo "1273"]
[PlyCount "115"]
[EventDate "2018.??.??"]
[EventType "tourn (corr)"]
[EventRounds "5"]
[SourceTitle "Corr 2022"]
[Source "ChessBase"]
[SourceDate "2021.10.24"]
[SourceVersion "1"]
[SourceVersionDate "2021.10.24"]
[SourceQuality "1"]

1. e4 d5 2. exd5 Qxd5 3. Nc3 Qa5 4. d4 Nf6 5. Nf3 Bf5 6. Bc4 e6 7. Bd2 c6 8. 0-0 Qc7 9. h3 Nbd7 10. Re1 Bd6 11. a3 Nb6 12. Bb3 0-0 13. Bg5 Nfd5 14. Ne4 Bxe4 15. Rxe4 h6 16. Bd2 Rad8 17. Rg4 Nf4 18. Be3 Nbd5 19. Qd2 Nxe3 20. Qxe3 Nd5 21. Qxh6 f6 22. Qd2 Bf4 23. Qe2 Qd6 24. c3 Bh6 25. Nh4 Nf4 26. Qf3 f5 27. Rg3 Qe7 28. Ng6 Nxg6 29. Rxg6 Bg5 30. Rxe6 Qf7 31. Ba2 Kh7 32. Rh6+ Bxh6 33. Bxf7 Rxf7 34. Re1 g6 35. Rd1 Re7 36. g3 Rde8 37. Kf1 Kg7 38. h4 Kf7 39. g4 f4 40. g5 Bg7 41. Qxf4+ Kg8 42. Kg2 Rf8 43. Qd6 Ref7 44. Rf1 Kh7 45. h5 gxh5 46. g6+ Kg8 47. gxf7+ Rxf7 48. Rh1 Rf5 49. Qe6+ Rf7 50. Rxh5 Kf8 51. Qc8+ Ke7 52. Qxb7+ Kf6 53. Qxc6+ Ke7 54. d5 Rf6 55. Qc7+ Kf8 56. d6 Rg6+ 57. Kf1 Bf6 58. d7 1-0

[Event "FICGS class F 000210 email"]
[Site "FICGS email"]
[Date "2018.12.11"]
[Round "1"]
[White "Strohmeier, Josef"]
[Black "Kalapos, Karol"]
[Result "1-0"]
[WhiteElo "1177"]
[BlackElo "1145"]
[PlyCount "53"]
[EventDate "2018.??.??"]
[EventType "tourn (corr)"]
[EventRounds "5"]
[SourceTitle "Corr 2022"]
[Source "ChessBase"]
[SourceDate "2021.10.24"]
[SourceVersion "1"]
[SourceVersionDate "2021.10.24"]
[SourceQuality "1"]

1. e4 e6 2. d4 d5 3. Nc3 Bb4 4. e5 c5 5. a3 Bxc3+ 6. bxc3 Qa5 7. Bd2 cxd4 8. cxd4 Qb6 9. Nf3 Ne7 10. Rb1 Qd8 11. Bd3 0-0 12. 0-0 Nec6 13. c3 Qe7 14. a4 b6 15. Qc2 Bd7 16. Bxh7+ Kh8 17. Bd3 Na5 18. Bg5 Qa3 19. Bc1 Qxa4 20. Qe2 Qc6 21. Ba3 Rd8 22. Rfc1 Qa4 23. Be7 Re8 24. Bd6 Qc6 25. Bb5 Qc8 26. Ng5 Bxb5 27. Qh5+ 1-0

[Event "FICGS rapid E 000221 email"]
[Site "FICGS email"]
[Date "2018.11.27"]
[Round "1"]
[White "Martinez Camacho, Victor Hugo"]
[Black "Strohmeier, Josef"]
[Result "0-1"]
[WhiteElo "1028"]
[BlackElo "1177"]
[PlyCount "160"]
[EventDate "2018.??.??"]
[EventType "tourn (rapid)"]
[EventRounds "6"]
[SourceTitle "Corr 2022"]
[Source "ChessBase"]
[SourceDate "2021.10.24"]
[SourceVersion "1"]
[SourceVersionDate "2021.10.24"]
[SourceQuality "1"]

1. e4 e5 2. Nf3 Nc6 3. Bb5 a6 4. Ba4 Nf6 5. d3 b5 6. Bb3 Be7 7. 0-0 0-0 8. Nc3 d6 9. h3 Na5 10. Be3 Nxb3 11. axb3 h6 12. Nxb5 Bb7 13. Nc3 c6 14. Qd2 Qc7 15. Rad1 Rfd8 16. Qc1 d5 17. exd5 cxd5 18. Bd2 Bc5 19. Na4 Ba7 20. Bc3 d4 21. Bd2 Bxf3 22. gxf3 Qd7 23. Kh2 Qc6 24. Rg1 Kh7 25. Rg2 Nd5 26. Rdg1 Rg8 27. c4 Nb6 28. Nxb6 Bxb6 29. b4 Bc7 30. Rg3 e4 31. fxe4 Bxg3+ 32. Rxg3 Qf6 33. Qd1 Qxf2+ 34. Rg2 Qf6 35. Qe2 Qe5+ 36. Kh1 Rge8 37. Qg4 Qf6 38. c5 Rg8 39. Kg1 Rad8 40. b3 Qe6 41. Qd1 Qxh3 42. Qg4 Qxd3 43. Qf5+ Kh8 44. c6 Qxb3 45. c7 Rc8 46. Bf4 Qxb4 47. Be5 Qe1+ 48. Kh2 Qh4+ 49. Kg1 f6 50. Bg3 Qg5 51. Qe6 a5 52. Bd6 Qe3+ 53. Kh1 d3 54. Qd5 a4 55. Rg3 Qe1+ 56. Rg1 Qh4+ 57. Kg2 Qg4+ 58. Kf2 Qe2+ 59. Kg3 Rge8 60. Rg2 Qxe4 61. Qxe4 Rxe4 62. Kf3 f5 63. Rd2 Rd4 64. Be5 Rd5 65. Kf4 Re8 66. Bb2 Kg8 67. Ba3 Rc8 68. Ke3 Rxc7 69. Rxd3 Rxd3+ 70. Kxd3 g5 71. Bb4 f4 72. Ke2 Kf7 73. Kf3 Rc4 74. Bd6 Rc3+ 75. Ke4 a3 76. Be5 Re3+ 77. Kd5 a2 78. Bb2 Re1 79. Bc3 a1Q 80. Bxa1 Rxa1 0-1

[Event "FICGS class F 000208 email"]
[Site "FICGS email"]
[Date "2018.10.26"]
[Round "1"]
[White "Strohmeier, Josef"]
[Black "Benreguia, Frederic"]
[Result "1-0"]
[WhiteElo "1150"]
[BlackElo "945"]
[PlyCount "51"]
[EventDate "2018.??.??"]
[EventType "tourn (corr)"]
[EventRounds "5"]
[SourceTitle "Corr 2022"]
[Source "ChessBase"]
[SourceDate "2021.10.24"]
[SourceVersion "1"]
[SourceVersionDate "2021.10.24"]
[SourceQuality "1"]

1. e4 d6 2. d4 Nf6 3. Nc3 e6 4. Nf3 Be7 5. Be2 a6 6. 0-0 b5 7. a3 Bb7 8. Bd3 c5 9. e5 dxe5 10. dxc5 Bxc5 11. Nxe5 0-0 12. Bg5 Bd4 13. Ng4 Nbd7 14. Bxh7+ Kxh7 15. Qxd4 Nxg4 16. Bxd8 Raxd8 17. Qxg4 Nf6 18. Qh4+ Kg8 19. Rad1 Nd5 20. Ne4 f5 21. Ng5 Nf6 22. Nxe6 Rxd1 23. Rxd1 Ng4 24. Nxf8 Kxf8 25. Qh8+ Kf7 26. Rd7+ 1-0